000 00760nam a22002177a 4500
005 20170629095305.0
010 _aENG-119017
020 _c644.00
_a8181770889
035 _aEN-102549
037 _bDBAD/PUB
082 _a588.30954
100 _aD.K. Singh
245 _aLiverworts and hornworts of India :
_cby D.K. Singh, S.K. Singh [and] Devendra Singh
_ban annotated checklist /
260 _aKolkata
_bBotanical Survey of India
_c2016
270 _bKolkata
_e700064
_aCGO Complex, 3rd MSO Building, Block -1, 5th & 6th floor, DF Block, Sector -1, Salt lake city
300 _a439p.
_c24cm(Hb)
500 _aincludes references and index
700 _aS.K. Singh
700 _aDevendra Singh
942 _2ddc
_cEN
_mDKS
_h588.30954
999 _c142119
_d142119